[Event "Sigeman & Co 11th"]
[Site "Malmo"]
[Date "2003.05.07"]
[Round "8"]
[White "Sutovsky, Emil"]
[Black "Timman, Jan H"]
[Result "0-1"]
[WhiteElo "2652"]
[BlackElo "2579"]
[Annotator "Ftacnik,L"]
[PlyCount "76"]
[EventDate "2003.04.29"]
[EventType "tourn"]
[EventRounds "9"]
[EventCountry "SWE"]
[EventCategory "13"]
[SourceTitle "CBM 095"]
[Source "ChessBase"]
[SourceDate "2003.07.25"]
[SourceVersion "1"]
[SourceVersionDate "2003.07.25"]
[SourceQuality "1"]

1. e4 c5 2. Nf3 e6 3. d4 cxd4 4. Nxd4 Nf6 5. Nc3 d6 6. Be3 Be7 7. f4 O-O 8. Qf3
Nc6 9. O-O-O Qc7 10. Ncb5 Qb8 11. g4 a6 12. Nxc6 bxc6 13. Nd4 Qb7 {Timman is
smartly keeping his bishop on c8 for the protection of the vital square e6.} (
13... Bb7 14. g5 Nd7 15. Qh3 Qc7 16. Rg1 (16. e5 d5 (16... dxe5 $2 17. Nxe6 $18
) 17. Bd3 g6 18. c4 Rab8 $13) (16. f5 exf5 17. exf5 c5 18. g6 Nf6 19. gxh7+
Nxh7 20. Nf3 Rab8 $13) 16... Rab8 (16... c5 17. Nxe6 fxe6 18. Qxe6+ Rf7 19. Bc4
d5 20. g6 hxg6 21. Rxd5 Bxd5 22. Bxd5 Raf8 23. Qxe7 $18) 17. f5 $14) 14. g5 Nd7
15. e5 $6 (15. Nb3 Rb8 16. h4 a5 17. Bd4) 15... d5 $1 (15... dxe5 16. Nxc6 Bc5
17. Bxc5 Nxc5 18. fxe5 Qc7 19. Bg2 Bb7 20. Qa3 $16) 16. Bd3 Rb8 (16... Nc5 17.
f5 Rb8 18. f6 Qxb2+ 19. Kd2 $13) 17. b3 (17. Nb3 c5 18. Qh3 g6 19. c4 a5 $17)
17... Nc5 {Black's counterplay is surprisingly quick, Sutovsky doesn't really
have access to the enemy king.} (17... c5 18. Qh3 g6 19. Nf3 c4 20. Be2 a5 $15)
18. f5 Nxd3+ 19. Rxd3 (19. cxd3 c5 20. f6 Bd8 21. Nc2 d4 22. Qxb7 Bxb7 23. Bf4
Bxh1 24. Rxh1 Ba5 $17) 19... Ba3+ 20. Kb1 c5 21. f6 (21. Ne2 d4 22. Bc1 Qxf3
23. Rxf3 Bb7 24. Rf2 Bxh1 25. Bxa3 Rfc8 $19) 21... cxd4 22. fxg7 dxe3 $5 {
This very safe defense might even be the best, since white will stand no
chance to create any mischief.} (22... Re8 23. Bxd4 Kxg7 24. Rf1 Qe7 25. Qh5
$40) (22... Kxg7 23. Qf6+ (23. Bxd4 Qb4 24. Rf1 Rb7 25. Qh5 Kh8 $17) 23... Kg8
24. Bxd4 Qb4 25. Rhd1 Re8 26. Rh3 Qf8 $19) 23. gxf8=Q+ Bxf8 (23... Kxf8 24.
Rxe3 d4 25. Rd1 Qxf3 26. Rxf3 Rb5 27. Rxd4 Rxe5 $17) 24. Rxe3 (24. Qxe3 d4 25.
Qc1 Bc5 26. Rf1 Bd7 $17) 24... d4 25. Re4 (25. Rd3 Qxf3 26. Rxf3 Bb7 $19) 25...
Bd7 (25... Qc7 26. Rh4 Bb7 27. Qd3 f5 28. Rg1 Qxe5 $19) 26. Qd3 Bb5 $1 (26...
Bc5 27. Rd1 Bb5 28. c4 dxc3 29. Qc2 Kf8 $17) 27. Qxd4 Bc6 28. Rhe1 (28. Rh4
Bxh1 29. Qd3 Bg7 30. Qxh7+ Kf8 $19) 28... Bxe4 29. Rxe4 Be7 {Black has an
extra piece and white many pawns he needs to protect.} 30. Kb2 (30. Rh4 Qh1+
31. Kb2 Bxg5 32. Rg4 Qc1+ 33. Kc3 Kh8 $19) 30... Rd8 31. Qe3 Bc5 32. Qf4 (32.
Qe2 Rd2 33. Qxd2 Qxe4 34. Qd8+ Bf8 35. Qb8 Qd4+ 36. Kb1 Kg7 $19) 32... Qd5 33.
h4 Bd4+ 34. c3 (34. Kb1 Bc3 35. Qe3 Qxe4 $19) 34... Bc5 35. Re2 Qd1 36. Rg2 (
36. Qh2 Be3 37. Rc2 Rd2 38. Rxd2 Bxd2 $19) 36... Qh1 37. Rd2 (37. Rc2 Rd1 $19)
37... Ba3+ $1 38. Kxa3 Qc1+ 0-1

[Event "Hastings 9899"]
[Site "Hastings"]
[Date "1999.01.05"]
[Round "7"]
[White "Fressinet, Laurent"]
[Black "Plaskett, H James"]
[Result "1-0"]
[WhiteElo "2455"]
[BlackElo "2455"]
[Annotator "Ftacnik,L"]
[PlyCount "63"]
[EventDate "1998.12.29"]
[EventType "tourn"]
[EventRounds "9"]
[EventCountry "ENG"]
[EventCategory "13"]
[SourceTitle "CBM 069"]
[Source "ChessBase"]
[SourceDate "1999.04.01"]
[SourceVersion "1"]
[SourceVersionDate "1999.04.01"]
[SourceQuality "1"]

1. e4 c5 2. Nf3 e6 3. d4 cxd4 4. Nxd4 Nc6 5. Nc3 Qc7 6. Be3 a6 7. Bd3 b5 8. f4
Bb7 9. Nb3 Nf6 10. O-O d6 11. Qf3 Be7 12. Qh3 Rc8 13. a3 (13. f5 Qd7 14. Rae1
exf5 15. e5 Nxe5 16. Bxf5 Qc7 17. Bxc8 Bxc8 18. Qg3 b4 19. Ne2 O-O 20. Bd4 Ne4
21. Qe3 {1/2-1/2 Nunn,J-Bellin,R/Norwich/1972/ (22)}) (13. a4 b4 14. Nb1 e5 15.
N1d2 O-O 16. f5 d5 17. exd5 Nb8 18. Nc4 Bxd5 19. Nb6 Rcd8 20. Nxd5 Rxd5 21. Qg3
Kh8 22. a5 Qc6 23. Nd2 Rdd8 24. Qf3 Bc5 {1/2-1/2 Grinberg,R-Emma,J/Buenos
Aires 1978/ (25)}) (13. Rae1 Nb4 (13... O-O $5) 14. Nd4 Nxd3 (14... O-O 15. g4
$40) 15. cxd3 b4 16. Nce2 Qa5 17. g4 h5 18. g5 Ng4 19. g6 fxg6 (19... O-O 20.
f5 $18) 20. Nxe6 Qxa2 21. f5 gxf5 22. Nxg7+ Kd7 23. Nxf5 {1-0 Frolov,
A-Finegold,B/Groningen/1993/ (41)}) 13... b4 14. axb4 Nxb4 15. Nd4 (15. f5 Nxd3
16. cxd3 e5 17. Rfc1 Qd7 18. Na5 $14) 15... O-O 16. Ra4 Nxd3 (16... d5 17. e5
Ne4 18. Bxe4 dxe4 19. Rd1 $13) 17. cxd3 Rfe8 18. Nde2 (18. Rc1 Qd7 $11) 18...
Qd7 19. Ra5 e5 {Black is correctly striving to open up the position for his
bishops pair.} 20. Qg3 (20. Qxd7 Nxd7 $11) (20. fxe5 $2 Qxh3 21. gxh3 Bd8 $17)
20... Bd8 21. Raa1 exf4 (21... Ng4 22. Bd2 $13) 22. Nxf4 d5 (22... Qg4 23. Qf2
(23. Qxg4 Nxg4 24. Bd4 Ne5 $15) 23... Qd7 $11) 23. exd5 Bxd5 24. Rxa6 (24.
Nfxd5 Nxd5 25. Bd4 f6 26. Rxa6 Bc7 $15) 24... Ba8 25. Kh1 (25. Rfa1 Bc6 26. d4
$14) 25... Qb7 26. Ra7 Qxb2 27. Bd4 Qb4 $2 (27... Rxc3 28. Bxc3 Bxg2+ 29. Qxg2
Qxc3 $14) (27... Qb8 $1 28. Rd7 Rc6 $11) 28. Rd7 $1 {[%mdl 64] Black must have
missed this fine tactical move, suddenly black is facing powerful attacking
threats.} Kf8 (28... Rxc3 29. Rxd8 $1 Rxd8 30. Bxf6 g6 31. Bxd8 $18) (28... Rc6
29. Ncd5 $1 Qb8 30. Ra1 Qc8 31. Rxd8 Qxd8 (31... Rc1+ 32. Bg1 Rxd8 33. Nxf6+
Kh8 34. Rxc1 Qxc1 35. Nxh7 $18) 32. Nxf6+ Rxf6 33. Rxa8 Qxa8 34. Bxf6 g6 35. h3
$18) 29. Nh5 $1 Nxd7 (29... Nxh5 30. Rdxf7+ Kg8 31. Rxg7+ Kh8 32. Rg8#) (29...
g6 30. Nxf6 Bxf6 31. Bxf6 Rxc3 32. Rxf7+ Kxf7 33. Bxc3+ $18) 30. Bxg7+ Ke7 (
30... Kg8 31. Bf6+ $18) 31. Re1+ Ne5 32. Qxe5+ (32. Qxe5+ Kd7 33. Qxe8+ Kc7 34.
Nb5+ $18) 1-0

[Event "Katrineholm"]
[Site "Katrineholm"]
[Date "1999.05.19"]
[Round "8"]
[White "Berg, Emanuel"]
[Black "Lutz, Christopher"]
[Result "0-1"]
[WhiteElo "2364"]
[BlackElo "2610"]
[Annotator "Ftacnik,L"]
[PlyCount "90"]
[EventDate "1999.05.??"]
[EventType "tourn"]
[EventRounds "9"]
[EventCountry "SWE"]
[EventCategory "12"]
[SourceTitle "CBM 071"]
[Source "ChessBase"]
[SourceDate "1999.08.01"]
[SourceVersion "1"]
[SourceVersionDate "1999.08.01"]
[SourceQuality "1"]

1. e4 c5 2. Nf3 d6 3. d4 cxd4 4. Nxd4 Nf6 5. Nc3 a6 6. Be3 e6 7. f4 b5 8. Qf3
Bb7 9. Bd3 Nbd7 10. g4 b4 11. Nce2 Nc5 12. Ng3 Nfd7 13. O-O-O Qc7 14. Kb1 g6
15. f5 (15. h4 O-O-O 16. h5 Be7 (16... f5 17. Qe2 fxe4 18. Nxe4 Nxe4 19. Nxe6
Qc6 20. Nxd8 Kxd8 21. Qe1 Nec5 22. Qxb4 Nxd3 23. cxd3 Qb5 24. Qxb5 axb5 25.
hxg6 Bxh1 26. Rxh1 h6 27. f5 {1-0 Kotronias,V-Novikov,I/Lvov/1988/ (54)}) 17.
Rh2 g5 18. fxg5 Ne5 19. Qe2 Rhg8 20. Nb3 Bxg5 21. Nf1 Nxg4 22. Bxg5 Rxg5 23.
Rg2 f5 24. Nxc5 dxc5 {0-1 Findlay,I-Nickoloff,B/Toronto/1985/ (50)}) 15... Bg7
16. Rhf1 (16. fxe6 fxe6 17. Rhf1 Ne5 18. Qe2 Rf8 19. Nb3 Na4 20. Bd4 Rf7 21. h4
Rc8 22. g5 Kf8 23. h5 Rxf1 24. Rxf1+ Kg8 {1/2-1/2 Short,N-Mestel,A/Brighton/
1984/ (30)}) 16... O-O-O 17. Qe2 Be5 (17... gxf5 18. gxf5 Rhg8 19. fxe6 fxe6
20. Rf7 $14) 18. fxe6 fxe6 19. Qd2 $1 {White looks for targets and beside e6
pawn he finds the one on b4.} Bxg3 (19... Qb6 $2 20. Nxe6 $18) (19... a5 $5)
20. hxg3 e5 21. Nf3 d5 22. Ng5 (22. exd5 $5 e4 23. Bxe4 Nxe4 24. Qxb4 Rde8 25.
Bf4 $14) 22... d4 23. Bg1 Rhf8 24. Qxb4 (24. Nxh7 Rxf1 25. Rxf1 Bxe4 $1 26.
Bxe4 Nxe4 27. Qxb4 Ndc5 28. Nf6 Rf8 29. g5 $13) 24... Rxf1 25. Rxf1 h6 26. Nf3
(26. Nf7 Rf8 27. Qe1 Qb6 28. Rf3 $16) 26... Nxe4 27. Nh4 Ndc5 (27... Nxg3 28.
Rf7 e4 29. Bc4 g5 30. Ng6 $1 $16) 28. Nxg6 Qd6 29. Nh4 $2 {It is a pitty, that
white spoils very good play with this passive retreat. Black is now able to
use his majority in the center for developing solid advantage.} (29. Rf7 $1 Ng5
(29... Qxg6 30. Qxc5+ Nxc5 31. Bxg6 $16) 30. Bf5+ (30. Rxb7 Nxb7 31. Qxd6 Rxd6
32. Nxe5 Nc5 $11) 30... Kb8 31. Re7 Nf3 32. Bf2 $16) 29... Nxd3 30. Qxd6 Nd2+
$1 31. Ka1 Rxd6 32. Rd1 Nb4 (32... Nxb2 33. Kxb2 Nc4+ 34. Kc1 Rf6 $17) 33. Rxd2
Be4 34. Nf5 (34. c3 Rf6 35. Nf5 Nc2+ 36. Kb1 Ne3+ 37. Kc1 Nxg4 38. Nh4 Rc6 39.
Re2 Bh7 40. Kd2 dxc3+ 41. bxc3 Rd6+ 42. Ke1 Rd3 $17) 34... Rf6 35. a3 $2 (35.
c3 $5) 35... Nxc2+ 36. Ka2 h5 37. Re2 d3 $1 {The key move in small combination.
White has failed to stop the march of black pawns, his defenses are falling
apart.} 38. Rd2 (38. Rxe4 d2 39. Rc4+ Kb7 40. Rxc2 d1=Q $19) 38... hxg4 39.
Ne7+ (39. Ne3 Nxe3 (39... Rf3 40. Nxg4 Bd5+ 41. b3 Rxg3 42. Nf6 Rxg1 43. Nxd5
e4 44. Nc3 Re1 45. Nxe4 Rxe4 46. Rxd3 Re2 $19) 40. Bxe3 Rf3 41. Bf2 Bg6 42. Kb3
e4 $19) 39... Kd7 40. Bc5 Rf1 41. b3 Ne1 42. Ng8 (42. Rd1 Bf3 43. Rd2 Be2 $19)
42... Kc6 43. Be3 Nf3 44. Rb2 Re1 45. Bh6 (45. Bf2 Re2 46. Rxe2 dxe2 47. Nh6
e1=Q 48. Bxe1 Nxe1 49. Nxg4 Nd3 $19) 45... Re2 0-1

[Event "Subotica 21st Century"]
[Site "Subotica"]
[Date "2000.12.24"]
[Round "7"]
[White "Perunovic, Milos"]
[Black "Grigoriants, Sergey"]
[Result "1-0"]
[WhiteElo "2426"]
[BlackElo "2503"]
[Annotator "Ftacnik,L"]
[PlyCount "65"]
[EventDate "2000.12.18"]
[EventType "tourn"]
[EventRounds "10"]
[EventCountry "YUG"]
[EventCategory "10"]
[SourceTitle "CBM 081"]
[Source "ChessBase"]
[SourceDate "2001.03.20"]
[SourceVersion "1"]
[SourceVersionDate "2001.03.20"]
[SourceQuality "1"]

1. e4 c5 2. Nf3 Nc6 3. d4 cxd4 4. Nxd4 e6 5. Nc3 d6 6. Be3 Nf6 7. f4 e5 8. Nf3
Ng4 9. Qd2 Nxe3 10. Qxe3 exf4 11. Qxf4 Be7 12. O-O-O O-O 13. Kb1 Be6 14. Nd5
Rc8 15. Bc4 Nb4 16. Bb3 Bxd5 $6 {[%mdl 16384] Instructive strategical mistake,
black will dearly miss his white squared bishop in the defence.} 17. exd5 Qb6 (
17... Na6 18. c3 $14) 18. g4 Na6 19. c3 Rfe8 20. Rhf1 Qc7 (20... Nc5 21. Bc2
Bf6 22. Ka1 Nd7 23. g5 $16) 21. Bc2 Nc5 (21... g6 22. Nd4 Bf8 23. Nb5 Qe7 24.
g5 $16) 22. Nd4 Bf8 23. Rf3 Re5 24. Rdf1 Rce8 (24... f6 25. g5 Rxg5 26. Bf5 Re8
27. Be6+ Nxe6 28. Nxe6 $18) 25. b4 $1 {Black knight will be pushed away to a6,
so the difference between the enemy pieces will be even more striking.} Re1+ (
25... Ne4 26. Bxe4 Rxe4 27. Qxf7+ Qxf7 28. Rxf7 Re1+ (28... Rxg4 29. Ne6 Be7
30. Rxe7 $1 $18) 29. Kc2 Rxf1 30. Rxf1 Re5 31. Rf5 $18) 26. Rxe1 Rxe1+ 27. Kb2
Na6 28. Ne6 $1 Qe7 (28... Qd7 29. Bxh7+ $18) 29. Bxh7+ $1 Kxh7 30. Qxf7 Re2+
31. Kb3 Qxf7 (31... Qh4 32. Ng5+ (32. Nxf8+ $18) 32... Qxg5 33. Rh3+ Qh6 34.
Rxh6+ Kxh6 35. Qh5#) 32. Rxf7 Rxh2 33. Rxf8 1-0

[Event "Bundesliga 0506"]
[Site "Germany"]
[Date "2005.11.13"]
[Round "4.2"]
[White "Almasi, Zoltan"]
[Black "Ftacnik, Lubomir"]
[Result "1-0"]
[WhiteElo "2640"]
[BlackElo "2612"]
[Annotator "Ftacnik,L"]
[PlyCount "55"]
[EventDate "2005.10.21"]
[EventType "team-tourn"]
[EventRounds "15"]
[EventCountry "GER"]
[SourceTitle "CBM 110"]
[Source "ChessBase"]
[SourceDate "2006.01.31"]
[SourceVersion "1"]
[SourceVersionDate "2006.01.31"]
[SourceQuality "1"]
[WhiteTeam "Kreuzberg"]
[BlackTeam "Hamburger SK"]
[WhiteTeamCountry "GER"]
[BlackTeamCountry "GER"]

1. e4 c5 2. Nf3 d6 3. d4 cxd4 4. Nxd4 Nf6 5. Nc3 e6 6. Be3 Be7 7. f4 Nc6 8. Qf3
Bd7 $6 9. O-O-O Nxd4 10. Bxd4 Bc6 (10... e5 11. fxe5 dxe5 12. Bxe5 Qa5 13. Bxf6
Bxf6 14. Rd5 Qb6 15. Bb5 Bc6 16. e5 Bg5+ 17. Kb1 O-O 18. Bxc6 bxc6 19. Rd6 Rab8
20. b3 {1-0 Pavlov,M-Diaz,J/Bucharest 1976/ (51)}) 11. g4 $1 {The line with 8..
.Bd7!? is simply too slow, white will make huge progress with kingside attack
at no cost.} (11. Bc4 O-O 12. g4 Qc7 13. Bb3 b5 14. g5 Nd7 15. g6 fxg6 16.
Bxe6+ Kh8 17. Rhg1 Bf6 18. Qe3 b4 19. Nd5 Bxd5 20. Bxd5 Rac8 21. Rg2 a5 {
1/2-1/2 Sax,G-Larsen,B/Hastings 1990/ (44)}) 11... O-O 12. g5 Nd7 13. h4 Qa5 (
13... e5 14. Be3 exf4 15. Qxf4 Ne5 (15... Qa5 16. Bc4 $16) 16. Nd5 $16) 14. Kb1
(14. g6 $5) 14... b5 (14... e5 15. Be3 exf4 16. Qxf4 Ne5 17. h5 $16) 15. f5 Ne5
{The standard counterplay is already too slow since Almasi would simply open
up the kingside.} (15... b4 16. f6 $1 Bd8 (16... bxc3 17. Bxc3 (17. fxe7 Rfb8
18. Bxc3 Bxe4 19. Qxe4 Qxc3 20. e8=Q+ Nf8 21. Bb5 $18) 17... Qc5 18. fxe7 Rfe8
19. Qd3 Rab8 20. Qxd6 Qxc3 21. Qxb8 Rxb8 22. e8=Q+ Rxe8 23. bxc3 $18) 17. fxg7
Re8 18. Ne2 Ne5 19. Qf4 $16) 16. Bxe5 dxe5 17. fxe6 (17. f6 Bb4 18. fxg7 Rfd8
19. Bh3 $16) 17... Bb4 (17... fxe6 18. Qh3 Kh8 19. Qxe6 b4 20. Nd5 $18) 18. e7
$1 {[%mdl 128] The best move of the whole game, white is keeping the pawn
structure with no black control of the d5 square.} Bxe7 (18... Rfe8 19. Nd5
Bxe7 20. Nf6+ $1 (20. Bd3 Bd6 21. h5 $16) 20... gxf6 21. gxf6 Bf8 22. Bh3 $1
$18) 19. Nd5 Bxd5 (19... Bd8 20. Qf5 Re8 21. h5 $18) (19... Bd6 20. h5 (20.
Nf6+ gxf6 21. gxf6 Kh8 22. Bh3 Qd8 23. Rd3 Bxe4 24. Qxe4 Qxf6 25. Rf1 $16)
20... Bxd5 21. Rxd5 $18) 20. exd5 Rad8 (20... Bd6 21. Bd3 Qd8 22. Qe4 g6 23.
Rdg1 $18) 21. Bd3 b4 22. h5 $1 {Black doesn't stand a slightest chance of
surviving the kingside attack as white simply breaks through on the light
squares.} Qb6 (22... Bxg5 23. Qf5 $18) (22... f5 $8 23. Bxf5 Bxg5 24. Qe4 h6
25. Qxe5 $18) (22... Qc7 23. Qf5 g6 24. hxg6 fxg6 25. Qe6+ Rf7 (25... Kh8 26.
Rxh7+ Kxh7 27. Rh1+ Kg7 28. Qxg6#) 26. Rxh7 $18) (22... Rxd5 23. Bxh7+ Kxh7 24.
Rxd5 $18) 23. Qe4 g6 24. hxg6 fxg6 (24... hxg6 25. Qh4 $18) (24... Qxg6 25.
Qxe5 Bd6 26. Qf6 $18) 25. d6 $1 {The pawn advance opens up access to the black
king and mercifully shortens his suffering.} Bxg5 (25... Rxd6 26. Bc4+ Rf7 27.
Rxd6 Qxd6 28. Qf3 $18) (25... Bxd6 26. Rxh7 $1 $18) 26. Qxe5 Bf6 (26... Rf7 27.
Bxg6 $18) 27. Qd5+ Kg7 (27... Rf7 28. Rxh7 Rdf8 29. Bxg6 $18) 28. Rxh7+ (28.
Rxh7+ Kxh7 29. Qh5+ $18) 1-0

[Event "Bundesliga 0405"]
[Site "Germany"]
[Date "2005.01.29"]
[Round "8.2"]
[White "Hracek, Zbynek"]
[Black "Sokolov, Andrei"]
[Result "1/2-1/2"]
[WhiteElo "2595"]
[BlackElo "2591"]
[Annotator "Ftacnik,L"]
[PlyCount "84"]
[EventDate "2004.11.12"]
[EventType "team-tourn"]
[EventRounds "15"]
[EventCountry "GER"]
[SourceTitle "CBM 106"]
[Source "ChessBase"]
[SourceDate "2005.06.06"]
[SourceVersion "1"]
[SourceVersionDate "2005.06.06"]
[SourceQuality "1"]
[WhiteTeam "Werder Bremen"]
[BlackTeam "Tegernsee"]
[WhiteTeamCountry "GER"]
[BlackTeamCountry "GER"]

1. e4 c5 2. Nf3 e6 3. d4 cxd4 4. Nxd4 Nf6 5. Nc3 d6 6. f4 Nc6 7. Be3 Be7 8. Qf3
e5 9. Nxc6 bxc6 10. f5 O-O 11. O-O-O Qa5 12. Bc4 Rb8 13. Bb3 Nd7 14. g4 Nc5 15.
g5 (15. Kb1 Nxb3 16. axb3 Rd8 17. Rhg1 (17. g5 Bf8 (17... Bb7 18. Qg3 d5 19.
exd5 Bd6 20. Ne4 cxd5 21. Nxd6 Rxd6 22. Qxe5 Rbd8 23. Bd4 f6 24. gxf6 {1-0
Degerman,L-Lundin,A/Helsingborg 1991/ (24)}) 18. Rhf1 Rb7 19. h4 Rbd7 20. f6
Ba6 21. Rf2 d5 22. fxg7 Bxg7 23. exd5 cxd5 24. Rxd5 Rxd5 25. b4 Qxb4 26. Nxd5 {
1-0 Ulibin,M-Martens,M/Santiago 1990/ (34)}) 17... Bb7 18. g5 g6 19. Bd2 Qc7
20. h4 Bf8 21. h5 d5 22. Rh1 d4 23. Ne2 c5 24. hxg6 fxg6 25. fxg6 Bg7 26. Ba5 {
1-0 Emma,J-Garcia,H/Buenos Aires 1978/ (26)}) (15. Bd2 Nxb3+ 16. cxb3 Rd8 17.
Kb1 Bf8 18. f6 Qc7 19. fxg7 Bxg7 20. Bg5 Re8 21. Bf6 Bxf6 22. Qxf6 Re6 23. Qf3
Rg6 {1/2-1/2 Agapov,K-Kochyev,A/Soviet Union 1984/ (41)}) 15... Nxb3+ 16. cxb3
(16. axb3 d5 17. exd5 Bb4 18. Nb1 {1/2-1/2 Mitkov,N-Riff,J/Mulhouse 2004/ (18)}
) 16... d5 17. f6 $146 {[%mdl 8] Hracek has prepared an improvement over the
older line with 17.exd5 and it makes a good impression.} (17. exd5 Bb4 18. Bd2
cxd5 19. Qxd5 Bxc3 20. Bxc3 Qxd5 21. Rxd5 Bb7 22. Rhd1 Bxd5 23. Rxd5 e4 {
0-1 Fressinet,L-Lautier,J/Paris 2002/ (41)}) 17... d4 18. fxe7 Re8 19. Bd2 (19.
g6 $5 hxg6 20. Bxd4 exd4 21. Rxd4 Qg5+ (21... Rxe7 22. Qg3 Rb4 23. Rd6 $14) 22.
Kb1 Qxe7 23. Rhd1 Be6 24. Qg3 $14) 19... dxc3 20. Bxc3 Qc7 (20... Qxa2 21. Rd8
Bg4 22. Rxb8 Rxb8 23. Qd3 h6 24. Qd8+ Kh7 25. Re1 Qxb3 26. Bxe5 $18) 21. Rd8 {
Nearly all lines are bit better for white so it is a bit difficult to pick the
best one.} (21. Qg3 Qxe7 22. Qxe5 Qxe5 23. Bxe5 Rb5 24. Bf4 Rb4 25. Rhe1 Bg4
26. Rd6 h6 27. gxh6 $14) 21... Qxe7 22. Rxe8+ Qxe8 23. Qg3 Rb7 (23... Rb5 $2
24. Rd1 $16) 24. Qxe5 {The endgame is pleasant for white, but taking with
bishop was also dangerous for black.} (24. Bxe5 $5 Re7 25. Rd1 Bd7 26. Bc3 c5 (
26... Rxe4 27. Qc7 Re7 28. Qxa7 $16) 27. Qd6 Bg4 $14) 24... Qxe5 25. Bxe5 Bg4
26. Bd6 (26. Bd4 Re7 (26... Rb4 27. Rg1 Bf3 28. Bxa7 Rxe4 29. Rg3 $16) 27. Re1
Bf3 28. e5 a6 $14) 26... Bf3 27. Re1 f6 $1 {The key move of the defense in
this endgame, black is prepared to trade as many pawns as possible.} 28. Re3 (
28. Bc5 Rd7 29. Re3 Bh1 30. gxf6 gxf6 $14) 28... Bh1 29. gxf6 gxf6 30. Kc2 Kf7
31. Kc3 Ke6 32. Bc5 a6 33. Bd4 Rb5 34. Re1 Bg2 35. Re2 Rg5 (35... Bf3 36. Rf2
Bxe4 37. Rxf6+ Ke7 38. Rf1 $14) 36. Rf2 Bxe4 37. Rxf6+ Kd5 38. Rf2 (38. Rh6 Bg6
$11) 38... Rg2 39. Rxg2 Bxg2 40. Bf2 c5 41. b4 cxb4+ 42. Kxb4 Kc6 1/2-1/2

[Event "Moscow Aeroflot op"]
[Site "Moscow"]
[Date "2002.02.07"]
[Round "5"]
[White "Bar, Roman"]
[Black "Iskusnyh, Sergei"]
[Result "0-1"]
[WhiteElo "2418"]
[BlackElo "2514"]
[Annotator "Ftacnik,L"]
[PlyCount "82"]
[EventDate "2002.02.04"]
[EventType "swiss"]
[EventRounds "9"]
[EventCountry "RUS"]
[SourceTitle "CBM 088"]
[Source "ChessBase"]
[SourceDate "2002.03.21"]
[SourceVersion "1"]
[SourceVersionDate "2002.03.21"]
[SourceQuality "1"]

1. e4 c5 2. Nf3 Nc6 3. d4 cxd4 4. Nxd4 Nf6 5. Nc3 d6 6. Bc4 Qb6 7. Nb3 e6 8.
O-O Be7 9. Be3 Qc7 10. Bd3 a6 11. f4 b5 12. Qf3 O-O 13. g4 b4 14. Ne2 e5 (14...
d5 15. e5 Ne4 16. Ng3 Nxg3 17. hxg3 d4 18. Qh1 g6 19. Bd2 Bb7 20. Qh6 Rfd8 21.
Rf2 Bf8 22. Qh3 $14 {Stean,M/Burton,GP/Islington op/1972/}) 15. f5 d5 $1 {
[%mdl 4] If black can react so forcefully in the center the whole plan with 13.
g4 might be under question sign for white.} 16. Ng3 (16. exd5 e4 17. Bxe4 Ne5
18. Qg2 Nexg4 19. Bf4 Bd6 20. Qg3 Nxe4 21. Qxg4 Re8 22. Ng3 Nf6 23. Bxd6 Qxd6
24. Qd4 Bb7 {0-1 Callier,C-Penson,T/Belgium 2001/ (40)}) 16... Bb7 17. g5 (17.
exd5 Nd4 $1 (17... e4 18. Nxe4 Nxd5 19. Bc5 Rfe8 20. Rad1 $14) (17... Na5 18.
Ne4 Nxd5 19. f6 $5 gxf6 (19... Nxf6 20. Nxf6+ Bxf6 21. Qf5 e4 22. Qxa5 Qxa5 23.
Nxa5 exd3 24. Nxb7 $16) 20. Nxa5 Qxa5 21. Bh6 $16) 18. Nxd4 exd4 19. Bxd4 Bxd5
20. Ne4 Rad8 $13) 17... dxe4 18. Nxe4 Nxe4 19. Bxe4 Nd4 (19... f6 20. g6 $14)
20. Nxd4 (20. Bxd4 Bxe4 21. Qxe4 exd4 22. f6 Bd6 23. Rf2 Rfe8 (23... Be5 24.
fxg7 Bxg7 25. Re1 $16) 24. Qh4 Be5 $13) 20... Bxe4 21. Qxe4 exd4 22. Bxd4 (22.
Qxd4 Rfd8 23. Qf4 Qxc2 24. Rf2 Rd1+ 25. Rxd1 Qxd1+ 26. Rf1 Qd7 {0-1 Grilc,
A-Riegler,P/SLO 1994/ (31)}) 22... Bxg5 {Black can be very satisfied, since
white's king is critically exposed and his own one is sitting pretty behind
the pawn chain.} 23. f6 (23. Rae1 Rad8 $13) 23... g6 (23... gxf6 $2 24. Qg2 $1
Qc4 25. Bxf6 $18) 24. Qg4 Rfd8 $1 25. c3 (25. Qxg5 $2 Rxd4 26. Qh6 Rg4+ 27. Kf2
Qxc2+ $19) 25... Bh6 26. Rae1 Bf8 27. Re4 (27. Re7 $2 Bxe7 28. fxe7 Qxe7 29.
Qf4 bxc3 30. bxc3 Rd5 $19) 27... Qa5 $1 28. cxb4 (28. Ra1 Re8 $15) 28... Qxa2
29. Bc3 (29. Bc5 Bxc5+ 30. bxc5 Qxb2 31. Qg5 Qc2 32. Rfe1 Rd1 33. Qd5 Rxe1+ 34.
Rxe1 Rf8 $17) 29... Qa4 30. Rfe1 Rd5 31. Rd4 {White has no targets and little
chance of breaking through to the black's king.} (31. Qh4 Rad8 $15) 31... Rad8
32. Red1 (32. Rxd5 Rxd5 33. Qf3 Qd7 $15) 32... h5 $1 33. Qf4 (33. Qf3 Rg5+ 34.
Kh1 Rxd4 35. Rxd4 Rf5 $17) 33... Rxd4 (33... Qxd1+ 34. Rxd1 Rxd1+ 35. Kf2 R8d6
$17) 34. Rxd4 Re8 35. Qd2 a5 $1 {Witty combination, black is activating his
own bishop.} (35... Qc6 $17) 36. Rd5 (36. bxa5 Bc5 37. Qh6 (37. b4 Ba7 38. Kf2
Qc6 $19) 37... Qd1+ $1 38. Kg2 Re2+ $19) 36... axb4 37. Be5 Qc6 38. h3 Kh7 39.
Bd6 (39. Bf4 Qxf6 $19) 39... Bh6 40. Qd1 Rd8 41. Qd3 Qc1+ (41... Qc1+ 42. Kf2
Qxb2+ $19) 0-1